000 00671nam a22002177a 4500
005 20130430142955.0
008 130422b xxu||||| |||| 00| 0 eng d
010 _aENG-106915
020 _a9789350516980
_c125.00
035 _aEN-90448
037 _bDBAD/PUB
040 _aDPL
_bEng
082 _a371.102
100 _aPradeep Kumar, T.
245 _aAdvanced methods of teaching /
_bby T. Pradeep Kumar
260 _aMumbai
_bHimalaya Publishing House
_c2012
270 _aRamdoot, Dr. Bhalerao Marg, Girgaon
_bMumbai
_e400004
300 _a226p.
_c22cm(pbk)
500 _aIncludes bibliographical references
942 _2ddc
_cEN
_h371.102
_mPRA
999 _c74818
_d74818